The Start up Founders Guide to Digital Marketing (Record no. 46524)
[ view plain ]
| 000 -LEADER | |
|---|---|
| fixed length control field | 00463nam a22001697a 4500 |
| 005 - DATE AND TIME OF LATEST TRANSACTION | |
| control field | 20260511122253.0 |
| 008 - FIXED-LENGTH DATA ELEMENTS--GENERAL INFORMATION | |
| fixed length control field | 260511b |||||||| |||| 00| 0 eng d |
| 020 ## - INTERNATIONAL STANDARD BOOK NUMBER | |
| International Standard Book Number | 9789373071428 |
| 041 ## - LANGUAGE CODE | |
| Language code of text/sound track or separate title | Eng |
| 082 ## - DEWEY DECIMAL CLASSIFICATION NUMBER | |
| Classification number | 658.110 MAL |
| 100 ## - MAIN ENTRY--PERSONAL NAME | |
| Author | Maloo, Pramod |
| 245 ## - TITLE STATEMENT | |
| Title | The Start up Founders Guide to Digital Marketing |
| 260 ## - PUBLICATION, DISTRIBUTION, ETC. | |
| Place | Haryana |
| Publisher | Harper Business |
| Publication Year | 2025 |
| 300 ## - PHYSICAL DESCRIPTION | |
| Extent | 301;. P. 22 cm |
| 650 ## - SUBJECT ADDED ENTRY--TOPICAL TERM | |
| Subject | New Business Enterprises; Leadership |
| 942 ## - ADDED ENTRY ELEMENTS (KOHA) | |
| Koha item type | Books |
| Withdrawn status | Lost status | Source of classification or shelving scheme | Damaged status | Not for loan | Home library | Current library | Shelving location | Accession Date | Vendor | Price | Bill number | Total Checkouts | Full call number | Barcode No | Date last seen | Discount | Cost, replacement price | Bill Date | Koha item type | Suggested By |
|---|---|---|---|---|---|---|---|---|---|---|---|---|---|---|---|---|---|---|---|---|
| Dewey Decimal Classification | IMTN | IMTN | Rack 20-B | 05/11/2026 | Raghav Books Private Limited | 599.00 | 2630 | 658.110 MAL | 33992 | 05/11/2026 | 20 | 479.00 | 04/30/2026 | Books | Recommended by Dr Rajneesh Chauhan |